Tentada / (Registro nro. 12770)

Detalles MARC
000 -LIDER
fixed length control field 00936nam a22003137a 4500
003 - IDENTIFICACDOR DE NÚMERO DE CONTROL
control field DO-SdBNP
005 - DATE AND TIME OF LATEST TRANSACTION
control field 20220512131241.0
008 - ELEMENTOS DE LONGITUD FIJA
fixed length control field 060721 2011 sp spa
017 ## - NÚMERO DE REGISTRO DE DERECHOS DE AUTOR
Copyright or legal deposit number
Assigning agency
020 ## - ISBN
International Standard Book Number 9788498006759
035 ## - NÚMERO LOCAL
System control number
040 ## - FUENTE DE CATALOGACIÓN
Agencia que crea de manera original el registro BPMSU
Idioma de catalogación spa
Agencia que realiza la transcripción BPMSU
Convenciones de la despripción
082 ## - NÚMERO DE CLASIFICACIÓN DECIMAL DE DEWEY
Classification number 813.5
Item number C346t
Edition number 22
100 ## - ASIENTO PRINCIPAL -- NOMBRE PERSONAL
Nombre personal Cast, P. C.
Fechas asociadas con el nombre 1960-
Forma completa del nombre Phyllis Christine Cast
240 10 - TITULO UNIFORME
Título uniforme Tempted
Idioma de una obra Español
245 10 - MENCIÓN DE TITULO
Título Tentada /
Mención de responsabilidad P. C. Cast, Kristin Cast ; traducción Laura Rodríguez Manzo
Medio (Designación general de material)
Subtítulo
260 ## - PUBLICACIÓN, DISTRIBUCIÓN, ETC. (PIE DE IMPRENTA)
Lugar de publicación, distribución, etc Madrid :
Nombre del editor, distribuidor, etc. Trakatrá,
Fecha de publicación, distribución, etc 2011.
Lugar de impresión
Impresor
300 ## - DESCRIPCIÓN FÍSICA
Extensión 286 p. ;
Dimensiones 24 cm.
490 0# - MENCIÓN DE SERIES
Materiales especificados La casa de la noche
Volume/sequential designation 6
590 ## - NOTA LOCAL
Enlace Inventariado, 2022/VM
650 #4 - ENCABEZAMIENTO DE MATERIA--TEMÁTICO
Término temático o nombre geográfico como elemento de entrada Novela juvenil estadounidense.
650 #4 - ENCABEZAMIENTO DE MATERIA--TEMÁTICO
Término temático o nombre geográfico como elemento de entrada Vampiros
Subdivisión de forma Novela juvenil.
700 12 - ASIENTO SECUNDARIO -- NOMBRE PERSONAL
Nombre personal Cast, Kristin
Fechas asociadas con el nombre 1986-
700 12 - ASIENTO SECUNDARIO -- NOMBRE PERSONAL
Nombre personal Rodríguez Manso, Laura
Mención de responsabilidad trad.
830 ## - ASIENTO SECUNDARIO DE SERIE--TÍTULO UNIFORME
Título uniforme La casa de la noche
Materiales especificados 6
910 ## - VALIDACIÓN
Validación VMateo V.
942 ## - ADDED ENTRY ELEMENTS (KOHA)
Source of classification or shelving scheme Dewey Decimal Classification
Koha item type Libros
980 ## - EQUIVALENCE OR CROSS-REFERENCE-SERIES STATEMENT--PERSONAL NAME/TITLE [LOCAL, CANADA]
Personal name
--
Numeration
Attribution qualifier
Titles and other words associated with a name
Existencias
Withdrawn status Lost status Source of classification or shelving scheme Damaged status Not for loan Collection code Home library Current library Date acquired Source of acquisition Cost, normal purchase price Full call number Barcode Date last seen Price effective from Koha item type
    Dewey Decimal Classification     Colección Juvenil General Biblioteca Pública Metropolitana Salomé Ureña Biblioteca Pública Metropolitana Salomé Ureña 11/07/2017 Compra en José libros 250.00 BPMSU CG 813.5 C346t 2003 BPMSU17110055 11/07/2017 11/07/2017 Libros